logo

Bir Sreshtho Munshi Abdur Rouf Library
Jhenaidah Cadet College

হেলমেট / (Record no. 13518)

MARC details
000 -LEADER
fixed length control field 00670nam a2200217 a 4500
001 - CONTROL NUMBER
JCCL Control Number 13518
003 - CONTROL NUMBER IDENTIFIER
JCCL marc code BD-JhCC
005 - DATE AND TIME OF LATEST TRANSACTION
control field 20231207133517.0
008 - FIXED-LENGTH DATA ELEMENTS--GENERAL INFORMATION
fixed length control field 180809s2021 bg a|||| |||| 000 0 eng d
020 ## - INTERNATIONAL STANDARD BOOK NUMBER
International Standard Book Number 9789843506559
035 ## - SYSTEM CONTROL NUMBER
system control number (BD-JhCC)13518
040 ## - CATALOGING SOURCE
Original cataloging agency BD-JhCC
Modifying agency BD-JhCC
041 ## - LANGUAGE CODE
Language code of Book Bangali, English
082 ## - DEWEY DECIMAL CLASSIFICATION NUMBER
Classification number 355
Author mark and Year SHA 2022
100 ## - MAIN ENTRY--PERSONAL NAME
Personal name শাহিন,মো: কামরুল হাসান
245 ## - TITLE STATEMENT
Title হেলমেট /
Statement of responsibility, etc মো: কামরুল হাসান শাহিন.
260 ## - PUBLICATION, DISTRIBUTION, ETC. (IMPRINT)
Place of publication, distribution, etc Dhaka :
Name of publisher, distributor, etc ডিফেন্স কেয়ার,
Date of publication, distribution, etc 2022.
300 ## - PHYSICAL DESCRIPTION
Pagination 574 p. :
Other physical details ill. ;
Dimensions 27 cm.
650 ## - SUBJECT ADDED ENTRY--TOPICAL TERM
Topical term or geographic name as entry element ISSB
942 ## - ADDED ENTRY ELEMENTS (KOHA)
Source of classification or shelving scheme Dewey Decimal Classification
Koha item type Books
Koha issues (borrowed), all copies 2
Holdings
Source of classification or shelving scheme Damaged status Not for loan Home library Current library Date of accession Cost, normal purchase price Total Checkouts Full call number Barcode Date last seen Date checked out Copy number Method of acquisition Koha item type Currency Shelving location Checked out
Dewey Decimal Classification     JCC Rouf Library JCC Rouf Library   1350.00 5 355 SHA 2022 18627 12/18/2025 10/29/2025 C-1 Gift/Donation Books BDT    
Dewey Decimal Classification     JCC Rouf Library JCC Rouf Library   850.00 5 355 SHA 2023 18653 10/13/2025 10/13/2025 C-2 Purchase Books BDT General Stacks 11/08/2025
Dewey Decimal Classification     JCC Rouf Library JCC Rouf Library   850.00 4 355 SHA 2023 18652 10/20/2025 10/20/2025 C-3 Purchase Books BDT General Stacks 11/13/2025
Dewey Decimal Classification     JCC Rouf Library JCC Rouf Library   850.00 6 355 SHA 2023 18651 10/08/2025 10/08/2025 C-4 Purchase Books BDT General Stacks 11/03/2025
Dewey Decimal Classification     JCC Rouf Library JCC Rouf Library   850.00 7 355 SHA 2023 18650 10/12/2025 10/12/2025 C-5 Purchase Books BDT General Stacks 11/06/2025
Dewey Decimal Classification     JCC Rouf Library JCC Rouf Library   850.00 3 355 SHA 2023 18649 10/15/2025 10/15/2025 C-6 Purchase Books BDT General Stacks 11/10/2025
Dewey Decimal Classification     JCC Rouf Library JCC Rouf Library   850.00 3 355 SHA 2023 18648 05/24/2025 05/24/2025 C-7 Purchase Books BDT General Stacks 06/28/2025
Dewey Decimal Classification     JCC Rouf Library JCC Rouf Library   850.00 2 355 SHA 2023 18647 01/20/2026 03/09/2025 C-8 Purchase Books BDT General Stacks  
Dewey Decimal Classification     JCC Rouf Library JCC Rouf Library   850.00 6 355 SHA 2023 18646 01/20/2026 01/20/2026 C-9 Purchase Books BDT General Stacks 02/14/2026
Dewey Decimal Classification     JCC Rouf Library JCC Rouf Library   850.00 3 355 SHA 2023 18645 08/27/2024 08/27/2024 C-10 Purchase Books BDT General Stacks 09/21/2024
Dewey Decimal Classification     JCC Rouf Library JCC Rouf Library   850.00 4 355 SHA 2023 18644 10/13/2025 10/13/2025 C-11 Purchase Books BDT General Stacks 11/08/2025
Dewey Decimal Classification     JCC Rouf Library JCC Rouf Library   850.00 4 355 SHA 2023 18643 10/08/2025 10/08/2025 C-12 Purchase Books BDT General Stacks 11/03/2025

JCC Library | Contacts | JCC Home

Last Update on 23 September 2017
Copyright @ 2017-2020 JCC Rouf Library
Rouf Library, Jhenidah Cadet College (JCC), Bangladesh